Statistics for countries and their international names B

Click here to take the quiz!

General Stats

  • This quiz has been taken 16 times
  • The average score is 19 of 34

Answer Stats

Answer% Correct
barbados
93%
barbados
93%
belgium
93%
bhutan
93%
benin
87%
botswana
87%
the bahamas
87%
bahrain
80%
bangladesh
80%
belarus
80%
brunei
80%
bulgaria
80%
burkina faso
80%
burkina faso
80%
burundi
80%
belize
73%
belize
73%
bolivia
73%
brazil
73%
bosnia and herzegovina
67%
bosnia and herzegovina
67%
republic of belarus
40%
kingdom of belgium
27%
republic of benin
27%
republic of botswana
27%
kingdom of bhutan
20%
republic of bulgaria
20%
republic of burundi
20%
kingdom of bahrain
13%
federative republic of brazil
7%
nation of brunei, abode of peace
7%
people's republic of bangladesh
7%
commonwealth of the bahamas
0%
plurinational state of bolivia
0%

Score Distribution

Percentile by Number Answered

Percent of People with Each Score

Your Score History

You have not taken this quiz